Ticho jehličky když Yi Jing vysvětluje změny vyvolané akupunkturou

Bibliographic Details
Main Author: Vinogradoff, Michel (Author)
Other Authors: Karlachová, Ludmila (Translator)
Format: Book
Language:Czech
French
PhysicalDescription:230 s. ilustrácie 22 cm
Published: Bratislava Pagoda 2010
ISBN:9788096969838
Edition:1. vyd.
Series:Asijská lékařství - Poznání & Praxe
Subjects:

MARC

LEADER 00000cam a2200000 a 4500
001 vtls011721584
003 SK-MaSNL
005 20260301222331.0
008 240318s2010 xo a f n 000 0 cze
015 |a SNBA2018/01 
020 |a 9788096969838  |q (viazané) 
035 |a urn:nbn:sk:snk-am00dhj2 
035 |a urn:nbn:sk:snk-am3i2gt 
035 |a 7BD0F3C8-9C6F-4590-B31F-0DF371DC0FB5 
040 |a SNK  |b slo  |c SNK  |e AACR2 
041 1 |a cze  |h fre 
044 |a xo  |c SK 
080 |a 615.814.1  |2 2011 
080 |a 615.8  |2 2011 
080 |a (048.8)  |2 2011 
100 1 |a Vinogradoff, Michel  |4 aut  |9 611798 
240 1 3 |a Le silence de l'aiguille  |l Česky 
245 1 0 |a Ticho jehličky  |b když Yi Jing vysvětluje změny vyvolané akupunkturou  |c Michel Vinogradoff ; [z francouzského originálu ... přeložila do češtiny Ludmila Karlachová] 
250 |a 1. vyd. 
260 |a Bratislava  |b Pagoda  |c 2010 
300 |a 230 s.  |b ilustrácie  |c 22 cm 
490 1 |a Asijská lékařství - Poznání & Praxe 
504 |a Bibliografia na strane 231 
650 0 7 |a akupunktúra  |2 SNKPH  |9 2623 
650 0 7 |a alternatívna medicína  |2 SNKPH  |9 901 
650 0 7 |a Acupuncture  |2 SNKPHeng  |9 270496 
650 0 7 |a Alternative medicine  |2 SNKPHeng  |9 313599 
655 7 |a monografie  |2 SNKPH  |9 70139 
655 7 |a Monographs  |2 SNKPHeng  |9 120675 
700 1 |a Karlachová, Ludmila  |4 trl  |9 611799 
830 0 |a Asijská lékařství - Poznání & Praxe  |9 611800 
919 |a 978-80-969698-3-8 
958 |a NB 
958 |a MI 
999 |c 939521  |d 941451 
952 |a SNK  |b SNK  |y PREZ  |7 0  |p 17A1304886  |o snkSC 177013  |i snk2017/25615  |8 0  |0 0  |1 0  |4 0  |d 2017-11-21  |f 1  |l 0  |r 2025-09-18 00:00:00  |w 2026-02-24 
952 |a SNK  |b SNK  |y VYP  |7 0  |p 17A1304887  |o snkSC 177013 D1  |i snk2017/25616  |8 0  |0 0  |1 0  |4 0  |d 2017-11-21  |l 0  |r 2026-02-24 09:14:32  |w 2026-02-24